000 00656nam a22002297a 4500
003 UA-OsUOA
001 95800
007 ta
008 20130306b un ||||| |||| 00| 0 ukr d
100 _aКичигин С.
090 _a821.161.1
_bК46
942 _cBK
040 _aUA-OsUOA
_brus
_cUA-OsUOA
_dUA-OsUOA
245 _aВойна в четвертом измерении
_bнаучно-художественная книга
300 _a304 с.
955 _a3
041 _arus
080 _a821.161.1
260 _aК.
_bМолодь
_c1989
650 7 _a82 Література. Літературознавство
_2UDC
999 _c382047
_d382047